=LDR 00000nam 2200000 4500 =001 INLIS000000000060399 =005 20220127100101 =035 ##$$a 0010-0122000335 =007 ta =008 220127###########################0#ind## =020 ##$$a 979-3625-01-5 =082 ##$$a 351.15 =084 ##$$a 351.15 Jun m =245 1#$$a Membangun Kerjasama Tim (Team Building) : $b Modul Diklat Prajabatan Golongan I Dan II /$c Dr. Juni Pranoto,M.Pd. =300 ##$$a 66 halaman ; $c 21 cm. =650 #4$$a Pegwai Negeri-Latihan Prajabatan =264 ##$$a jakarta :$b Lembaga Administrasi Negara Republik Indonesia,$c 2006 =336 ##$$a teks$2 rdacontent =337 ##$$a lain-lain$2 rdamedia =338 ##$$a lain-lain$2 rdacarrier =990 ##$$a 04350435